| 000 | 00770nam a2200229 i 4500 | ||
|---|---|---|---|
| 001 | 13485 | ||
| 003 | ES-MaACL | ||
| 005 | 20231129150032.0 | ||
| 007 | t| | ||
| 008 | 980421s1997 sp ||||1| spa d | ||
| 020 | _a84-8163-113-2 | ||
| 080 | _a821.134.2-14"19" | ||
| 100 | 0 |
_aRico, Manuel ( _d1952-) _997018 |
|
| 245 | 1 | 3 |
_aLa densidad de los espejos / _cManuel Rico. |
| 260 |
_aHuelva : _bDiputación Provincial, _c1997. |
||
| 300 |
_a70 p. ; _c20 cm. |
||
| 490 | 1 |
_aColección de poesía "Juan Ramón Jiménez" ; _v28 |
|
| 710 | 1 |
_aHuelva (Provincia). _bDiputación Provincial. _94624 |
|
| 830 | 0 |
_aColección de poesía "Juan Ramón Jiménez" _v28 _9228424 |
|
| 852 |
_aES-MaACL _jL-20817 _bR.126214 _q. - Ded. autógr. del autor |
||
| 999 |
_c13485 _d13485 |
||